ARRUPE JESUIT UNIVERSITY

CORONAVIRUS -STOP THE SPREAD - CLEAN,DISINFECT,COVER

A people adrift : (Record no. 117883)

MARC details
000 -LEADER
fixed length control field 02533pam a22003134a 4500
001 - CONTROL NUMBER
control field 4176048
003 - CONTROL NUMBER IDENTIFIER
control field ARRUPE
005 - DATE AND TIME OF LATEST TRANSACTION
control field 20130918142509.0
008 - FIXED-LENGTH DATA ELEMENTS--GENERAL INFORMATION
fixed length control field 030530s2003 nyu b 001 0 eng
010 ## - LIBRARY OF CONGRESS CONTROL NUMBER
LC control number 2003054208
020 ## - INTERNATIONAL STANDARD BOOK NUMBER
International Standard Book Number 0684836637
035 ## - SYSTEM CONTROL NUMBER
System control number (OCoLC)ocm52410284
035 ## - SYSTEM CONTROL NUMBER
System control number (NNC)4176048
040 ## - CATALOGING SOURCE
Original cataloging agency DLC
Transcribing agency DLC
Modifying agency YDX
-- OrLoB-B
042 ## - AUTHENTICATION CODE
Authentication code pcc
043 ## - GEOGRAPHIC AREA CODE
Geographic area code n-us---
050 00 - LIBRARY OF CONGRESS CALL NUMBER
Classification number BX1406.3
Item number .S74 2003
082 00 - DEWEY DECIMAL CLASSIFICATION NUMBER
Classification number 282/.73/090511
Edition number 21
300 ## - PHYSICAL DESCRIPTION
Dimensions 25 cm.
100 1# - MAIN ENTRY--PERSONAL NAME
Personal name Steinfels, Peter.
9 (RLIN) 582
245 12 - TITLE STATEMENT
Title A people adrift :
Remainder of title the crisis of the Roman Catholic Church in America /
Statement of responsibility, etc Peter Steinfels.
260 ## - PUBLICATION, DISTRIBUTION, ETC. (IMPRINT)
Place of publication, distribution, etc New York :
Name of publisher, distributor, etc Simon & Schuster,
Date of publication, distribution, etc c2003.
300 ## - PHYSICAL DESCRIPTION
Extent xxi, 392 p. ;
504 ## - BIBLIOGRAPHY, ETC. NOTE
Bibliography, etc Includes bibliographical references (p. 361-377) and index.
505 00 - FORMATTED CONTENTS NOTE
Miscellaneous information 1.
Title The Battle for Common Ground --
Miscellaneous information 2.
Title The Scandal --
Miscellaneous information 3.
Title The Church and Society --
Miscellaneous information 4.
Title Catholic Institutions and Catholic Identity --
Miscellaneous information 5.
Title Around the Altar --
Miscellaneous information 6.
Title Passing on the Faith --
Miscellaneous information 7.
Title Sex and the Female Church --
Miscellaneous information 8.
Title At the Helm --
-- Conclusion: Finding a Future.
520 1# - SUMMARY, ETC.
Summary, etc "In A People Adrift, a prominent Catholic thinker states bluntly that the Catholic Church in the United States must transform itself or suffer irreversible decline. Peter Steinfels shows how even before the recent revelations about sexual abuse by priests, the explosive combination of generational change and the thinning ranks of priests and nuns was creating a grave crisis of leadership and identity." "This groundbreaking book offers an analysis not just of the church's immediate troubles but of less visible, more powerful forces working below the surface of an institution that provides a spiritual identity for 65 million Americans and spans the nation with its parishes, schools, colleges and universities, hospitals, clinics, and social service agencies." "In A People Adrift, Steinfels warns that entrenched liberals and conservatives are trapped in a "theological gridlock" that often ignores what in fact goes on in families, parishes, classrooms, voting booths, and Catholic organizations of all types. Above all, he insists, the altered Catholic landscape demands a new agenda for leadership, from the selection of bishops and the rethinking of the priesthood to the thorough preparation and genuine incorporation of a lay leadership that is already taking over key responsibilities in Catholic institutions."--BOOK JACKET.
610 20 - SUBJECT ADDED ENTRY--CORPORATE NAME
Corporate name or jurisdiction name as entry element Catholic Church
Geographic subdivision United States.
9 (RLIN) 583
900 ## - EQUIVALENCE OR CROSS-REFERENCE-PERSONAL NAME [LOCAL, CANADA]
Numeration TOC
942 ## - ADDED ENTRY ELEMENTS (KOHA)
Source of classification or shelving scheme Library of Congress Classification
Koha item type Monograph ( Printed materials)
Holdings
Withdrawn status Lost status Source of classification or shelving scheme Damaged status Not for loan Home library Current library Date acquired Total Checkouts Full call number Barcode Date last seen Date checked out Price effective from Koha item type
    Library of Congress Classification     ARRUPE LIBRARY ARRUPE LIBRARY 18/09/2013 1 BX1406.3 .S74 2003 46411260 22/11/2017 24/06/2016 18/09/2013 Monograph ( Printed materials)

 

Arrupe Library. PO Box MP320 Mt Pleasant, Harare, Zimbabwe
263 242 745411|librarian@aju.ac.zw